000 01139nam a2200265 a 4500
001 77025
003 BD-RjUL
005 20211209082922.0
008 200216s1949 nyu b 000 0 eng
035 _a(BD-RjUL)77249
035 _a(OCoLC)270308
040 _aDLC
_cODaWU
_dOCoLC
_dDLC
_dBD-RjUL
_beng
041 _aeng
042 _apremarc
082 _223
_a812.508
_bGAT 1949
100 1 _aGassner, John,
_d1903-1967,
_9239400
245 1 0 _aTwenty-five best plays of the modern American theatre /
_cJohn Gassner
260 _aNew York :
_bCrown Publishers,
_c1949
300 _axxviii, 756 p.;
_c25 cm.
500 _aStreet scene, by Elmer Rice.--Strictly dishonorable, by Preston Sturges.--Berkeley Square, by J. L. Balderston.--The clod, by Lewis Beach.--Trifles, by Susan Glaspell.--Ile, by Eugene O'Neill.--Aria da capo, by E. St. V. Millay.--Poor Aubrey, by George Kelly.--White dresses, by Paul Green.--Minnie Field, by E. P. Conkle.--Supplementary list of plays (p. 754-755)--Bibliography (p. 756)
650 0 _aAmerican drama
_y20th century.
_9239401
942 _2ddc
_cBK
999 _c77025
_d77025